000 00761nam a2200241Ia 4500
003 OSt
005 20221006164740.0
006 a|||||r|||| 00| 0
007 ta
008 221006b |||||||| |||| 00| 0 hin d
024 _a7,434
037 _cTheseses
040 _aFML
_cFML
_bhin
041 _2hin
_ahin
100 _aBhalla Renu Rajan Ni Au.
_9678223
110 _aDelhi University. Faculty of Music and Fine Arts. Department of Music
245 0 _aAadhunik Hindustani Sangeet Ke Prastutikaran Main Pracheen Raag Lakshanon Ki Sambaddhata
260 _c1993
300 _a311
_ccm.
700 _aDelhi University. Faculty of Music and Fine Arts. Department of Music
942 _cDIS
_2CC
999 _c1118338
_d1118338